Score 0/28 Timer 07:00
0 Plays Today
First Appearance Name % Correct
Fantastic Four #1Human Torch
90.9%
Marvel Comics #1Human Torch
90.9%
Superfriends #25Fire
75.2%
Uncanny X-men #141Pyro
71.2%
Uncanny X-men #101Phoenix
49.6%
Uncanny X-men #193Firestar
45.7%
Marvel Spotlight #5Ghostrider
45%
Uncanny X-men #64Sunfire
41.4%
Detective Comics #184Firefly
34%
New Mutants #8Magma
31.7%
Human Torch Comics #2Toro
26.8%
Fantastic Four #164Nova
25.6%
Hellboy: Seed of DestructionLiz
25.2%
Thor #225Firelord
24.6%
First Appearance Name % Correct
Flash #140Heat Wave
21.1%
The Incredible Hulk (vol. 2) #265Firebird
15.6%
Legionnaires #21Inferno
10.8%
Peter Parker: Spider-Man #11Inferno
10.8%
Ghost Rider (vol. 2) #8Inferno
10.8%
Avengers #192Inferno
10.8%
Teen Titans (vol. 2) #1Hot Spot
10.7%
Adventure Comics #306Fire Lad
8.7%
Legends #1Brimstone
6.5%
Mystic Comics #5Blazing Skull
6.1%
Green Lantern (vol. 3) #110Effigy
5.8%
Static #1Hot-Streak
5.4%
Detective Comics #469Doctor Phosphorus
5%
Deathmate Black Burnout
4.2%
Come Together.
Have Fun.
All Virtual.
We all need to come together. Play Sporcle's virtual live trivia to have fun, connect with people, and get your trivia on. Join a live hosted trivia game for your favorite pub trivia experience done virtually. If a virtual private party is more your thing, go here for details.

You're not logged in!

Compare scores with friends on all Sporcle quizzes.
OR
Log In

Sporcle TV

Today on Sporcle TV


Watch our educational content, quiz creation guides, and fun videos on Sporcle TV.

Show Comments

Extras

Top Quizzes Today


Score Distribution

Paid Content

Your Account Isn't Verified!

In order to create a playlist on Sporcle, you need to verify the email address you used during registration. Go to your Sporcle Settings to finish the process.

Report this User

Report this user for behavior that violates our Community Guidelines.

Details: